Vybrané aspekty manažmentu prevádzky miešarne objemových krmív v PD Nitra - Ivánka

Bibliographic Details
Main Author: Paška, Ľubomír, 1948- (Author)
Format: Article
Language:Slovak
PhysicalDescription:Tab.
ISBN:8071372943
Subjects:

MARC

LEADER 00000nab a2200000 a 4500
001 vtls000687244
003 SK-MaSNL
005 20260304032344.0
008 161006c1996 xo 0 slo
015 |a SNBRA1999/02-03325 
035 |a CLN000039411 
040 |a SNKBUCL  |b slo  |c SNKBUCL  |e AACR2 
041 0 |a slo 
044 |a xo  |c SK 
080 |a 636.085.5:631.15  |2 1997 
080 |a 631.15:636.085.5  |2 1997 
100 1 |a Paška, Ľubomír,  |d 1948-  |4 aut  |9 100874 
245 1 0 |a Vybrané aspekty manažmentu prevádzky miešarne objemových krmív v PD Nitra - Ivánka  |c Ľ. Paška 
300 |b Tab. 
500 |a Súbežný názov angl. 
504 |a Res. angl. 
504 |a Bibliogr. odkazy 
650 0 7 |a objemové krmivá  |2 snkbucl  |9 2822 
650 0 7 |a miešarne krmív  |2 snkbucl  |9 1313010 
650 0 7 |a ekonomická efektívnosť  |2 snkbucl  |9 74879 
655 7 |a články zo zborníkov  |2 snkbucl  |9 166140 
773 0 |w SK01SNK19960168459  |z 8071372943  |t Acta operativo oeconomica LI  |d Nitra : Vysoká škola poľnohospodárska, 1996  |g S. 47-51 
850 |a Slovenská národná knižnica v Martine 
852 |a SNK  |b KIS3GCP 
958 |a SK 
958 |a NB 
999 |c 2642749  |d 2644679